Guía de percepciones, retenciones y detracciones 2025 y casuística aplicada (Registro nro. 21805)

Detalles MARC
000 -Cabecera
Campo de control interno 00952nam a2200253Ia 4500
005 - Fecha y hora del registro
control field 20260408080737.0
008 - Elementos de Longitud Fija
fixed length control field 260320s9999||||xx |||||||||||||| ||und||
020 ## - ISBN
ISBN 9786123331634
041 ## - Idioma
Codigo Idioma ESP
082 ## - DEWEY y NOTACIÓN INTERNA
Dewey 343.8
Notación Interna H46 V. 2
100 ## - AUTOR
Autor denominación Herrada Córdova, Marco Antonio,
Término de relación autor
245 #0 - TÍTULO DE MATERIAL BIBLIOGRÁFICO
Título Guía de percepciones, retenciones y detracciones 2025 y casuística aplicada
250 ## - EDICIÓN
Edición Primera edición
260 ## - CIUDAD, EDITORIAL, AÑO
Ciudad Lima :
Nombre de la Editorial Gaceta Jurídica,
Año 2025
300 ## - DESCRIPCIÓN
N° Páginas 126 páginas :
Otros detalles gráficos, tablas ;
Dimensiones 24 cm.
440 ## - MENCIÓN DE SERIE
Título de la Serie (Contadores & Empresas. Tributaria sobre IGV)
650 ## - TEMAS
Temas Ciencias Sociales
653 ## - DESCRIPTORES
Lenguajes no controlado Derecho tributario; Impuesto general a las ventas (IGV) - Perú; Impuestos - Legislacion - Perú;
654 ## - PROGRAMAS
Programa
700 ## - OTROS AUTORES
Otros autores Véliz Lázaro, Héctor Eduardo,
Títulos y otras palabras asociadas con el nombre autor
856 ## - URL - UBICACIÓN
URI/URL: Enlace exacto del recurso <a href="https://legal-legis-com-pe.ucsp.lookproxy.com/home/Corporativo">https://legal-legis-com-pe.ucsp.lookproxy.com/home/Corporativo</a>
Nota pública: Versión digital <a href="Véase además: Base de datos Multilegis">Véase además: Base de datos Multilegis</a>
942 ## - ELEMENTOS DE KOHA
Tipo de documento Libro
Nombre del creador Justo Noguera
Código de catalogador Margarita Torres
Esquema de clasificación Dewey Decimal Classification
Existencias
Codigo completo Registro Colección Copia número Disponibilidad Tipo de préstamo Biblioteca Actual Procedencia (Biblioteca) Ubicacón Fecha Ingreso Tipo de Adquisición Date last seen Total checkouts Price effective from Tipo de Item Estado del Material Fuente de Clasificación Damaged status Withdrawn status
343.8 H46 V. 2 1085365 Universidad Católica San Pablo 1 Disponible Disponible Víctor Andrés Belaunde Víctor Andrés Belaunde Primer piso 08/04/2026 Suscripción 08/04/2026   08/04/2026 Libro Bueno Dewey Decimal Classification